Fr. Conceicao Rodrigues College of Engineering

Power Electronics (Record no. 25029)

MARC details
000 -LEADER
fixed length control field 00352nam a2200169Ia 4500
082 ## - DEWEY DECIMAL CLASSIFICATION NUMBER
Classification number 621.317
Item number MOH
100 ## - MAIN ENTRY--PERSONAL NAME
Personal name Mohan/Ned/ Undeland/Tore
250 ## - EDITION STATEMENT
Edition statement 3
245 ## - TITLE STATEMENT
Title Power Electronics
260 ## - PUBLICATION, DISTRIBUTION, ETC.
Name of publisher, distributor, etc. John Wiley & Sons
Date of publication, distribution, etc. 2003
366 ## - TRADE AVAILABILITY INFORMATION
Publishers's discount category 15
300 ## - PHYSICAL DESCRIPTION
Extent 802
546 ## - LANGUAGE NOTE
Language note ENGLISH
654 ## - SUBJECT ADDED ENTRY--FACETED TOPICAL TERMS
Focus term Power Electronics
942 ## - ADDED ENTRY ELEMENTS (KOHA)
Koha item type BOOK
Holdings
Withdrawn status Lost status Damaged status Not for loan Collection Home library Current library Date acquired Cost, normal purchase price Total Checkouts Full call number Barcode Date last seen Cost, replacement price Price effective from Koha item type
        CRC Fr. Agnel's C.Rodrigues College of Engineering Fr. Agnel's C.Rodrigues College of Engineering 17/03/2023 369.72   621.317 MOH 15093 17/03/2023 434.97 17/03/2023 BOOK